| 000 | 00567nam a22001817a 4500 | ||
|---|---|---|---|
| 999 |
_c9840 _d9840 |
||
| 008 | 180718b ||||| |||| 00| 0 eng d | ||
| 020 | _a0-07-251264-4 | ||
| 082 |
_22005 _aDC 540 _bC36c |
||
| 100 |
_929109 _aChang, Raymond |
||
| 245 |
_aChemistry/ _cRaymond Chang with Brandon Cruickshank. |
||
| 250 | _aEight Edition | ||
| 260 |
_aBoston: _bMcGraw-Hill, _c©2005. |
||
| 300 |
_axxxii, 1039 pages: _bcolor illustrations; _c27 cm. |
||
| 500 | _aIncludes glossary and index. | ||
| 650 | 0 |
_929110 _aChemistry |
|
| 700 |
_929111 _aCruickshank, Brandon |
||
| 942 |
_2ddc _cDC |
||